000 00521nam a2200205Ia 4500
005 20240823022850.0
008 240823s9999||||xx |||||||||||||| ||und||
020 _a81-265-0910-4
041 _aENGLISH
082 _A658.404 P7
100 _a"Meredith,Jack R"
245 0 _aProject Management : A Managerial Approach
250 _a5th
260 _c2007
_b"John Wiley,New "
_aNewDelhi
500 _aYES
650 _aProject
_bManagement Studies
700 _a" Mantel,Samuel G"
942 _cBK
999 _c180184
_d180184